| 000 | 00642nam a2200217Ia 4500 | ||
|---|---|---|---|
| 003 | OSt | ||
| 005 | 20230518153309.0 | ||
| 008 | 210423s2001 xx 000 0 und d | ||
| 040 | _cAL | ||
| 041 | _aeng | ||
| 082 |
_a362.6 _223 _bMODA |
||
| 100 |
_aMODI (Ishwar) Ed _9108785 |
||
| 245 | _aAgeing and human development: global perspectives | ||
| 260 |
_aJaipur _bRawat Publications _c2001 |
||
| 300 |
_a406 _bHB |
||
| 365 |
_b775 _cINR |
||
| 650 |
_aSocial Problems & Social Welfare _9108786 |
||
| 650 |
_aSocial Welfare Problems & Services _9108787 |
||
| 906 | _aAgeing ; development: ; global ; human ; perspectives | ||
| 942 |
_2ddc _cBK |
||
| 999 |
_c172453 _d172453 |
||